Elements of electronic instrumentation and measurement (Record no. 177)

MARC details
000 -LEADER
Fixed length control field 00533nam a2200193 4500
003 - CONTROL NUMBER IDENTIFIER
Control field SEACOMEC
005 - DATE AND TIME OF LATEST TRANSACTION
Control field 20240417120545.0
008 - FIXED-LENGTH DATA ELEMENTS--GENERAL INFORMATION
Fixed length control field 231007b |||||||| |||| 00| 0 eng d
020 ## - INTERNATIONAL STANDARD BOOK NUMBER / ISBN
Price Rs. 350.00
040 ## - CATALOGING SOURCE
Original cataloging agency SEACOMEC
082 ## - DEWEY DECIMAL CLASSIFICATION NUMBER
Classification number 621.37
Book Number C311
100 1# - MAIN ENTRY--PERSONAL NAME
Personal name Carr, Joseph J.
245 1# - TITLE STATEMENT
Title Elements of electronic instrumentation and measurement
Statement of responsibility Joseph J. Carr
250 ## - EDITION STATEMENT
Edition statement 3rd ed.
260 ## - IMPRINT
Place of publication Delhi
Name of publisher Pearson
Date of publication 2006
650 ## - SUBJECT ADDED ENTRY--TOPICAL TERM
Topical term Applied physics
650 ## - SUBJECT ADDED ENTRY--TOPICAL TERM
Topical term Testing and measurement of electrical quantities
942 ## - ADDED ENTRY ELEMENTS (KOHA)
Koha item type Books
Holdings
Withdrawn status Lost status Source of classification Damaged status Not for loan Home library Current library Date acquired Total Checkouts Call number Accession number Date last seen Price effective from Koha item type
    Dewey Decimal Classification     SEACOM ENGINEERING COLLEGE SEACOM ENGINEERING COLLEGE 04/08/2006   621.37 C311 5145 17/04/2024 17/04/2024 Books
© Seacom Engineering College, All rights reserved.      Powered by Koha